书目信息 |
| 题名: |
翻译质量评估模式再研究
|
|
| 作者: | 司显柱 著 ;芈岚 , 司显柱 译 | |
| 分册: | ||
| 出版信息: | 上海 东华大学出版社 2025.01 |
|
| 页数: | 411页 | |
| 开本: | 24cm | |
| 丛书名: | ||
| 单 册: | ||
| 中图分类: | H059 | |
| 科图分类: | ||
| 主题词: | 翻译--质量评价--研究--英语--汉语 | |
| 电子资源: | ||
| ISBN: | 978-7-5669-2413-1 | |
| 000 | 01033nam0 2200265 450 | |
| 001 | 012941317 | |
| 005 | 20250924204402.77 | |
| 010 | @a978-7-5669-2413-1@dCNY98.00 | |
| 100 | @a20241219d2025 em y0chiy0120 ea | |
| 101 | 1 | @achi@aeng@cchi |
| 102 | @aCN@b310000 | |
| 105 | @ay z 000yy | |
| 106 | @ar | |
| 200 | 1 | @a翻译质量评估模式再研究@9fan yi zhi liang ping gu mo shi zai yan jiu@dTranslation quality assessment@ea model revisited@f司显柱著@g芈岚,司显柱译@zeng |
| 210 | @a上海@c东华大学出版社@d2025.01 | |
| 215 | @a411页@d24cm | |
| 330 | @a本书是在作者主持完成的国社科基金项目结题报告基础上撰写的学术专著。该专著是对翻译质量评估模式的深化研究,构建了一个较为科学、完善、全面的翻译质量评估模式。 | |
| 510 | 1 | @aTranslation quality assessment@ea model revisited@zeng |
| 606 | 0 | @a翻译@x质量评价@x研究@x英语@x汉语 |
| 690 | @aH059@v5 | |
| 701 | 0 | @a司显柱@9si xian zhu@4著 |
| 702 | 0 | @a芈岚@9mi lan@4译 |
| 702 | 0 | @a司显柱@9si xian zhu@4译 |
| 801 | 0 | @aCN@c20250905 |
| 905 | @a河南城建学院图书馆@dH059@eS703@ZS703@f1 | |
| 翻译质量评估模式再研究=Translation quality assessment:a model revisited/司显柱著/芈岚,司显柱译.-上海:东华大学出版社,2025.01 |
| 411页;24cm |
| ISBN 978-7-5669-2413-1:CNY98.00 |
| 本书是在作者主持完成的国社科基金项目结题报告基础上撰写的学术专著。该专著是对翻译质量评估模式的深化研究,构建了一个较为科学、完善、全面的翻译质量评估模式。 |
| ● |
| 相关链接 |
|
|
|
正题名:翻译质量评估模式再研究
索取号:H059/S703
 
预约/预借
| 序号 | 登录号 | 条形码 | 馆藏地/架位号 | 状态 | 备注 |
| 1 | 1631302 | 216313022 | 语言库209/209语言库 67排3列6层/ [索取号:H059/S703] | 在馆 |